[Event "IX Festival A"]
[Site "Nichelino ITA"]
[Date "2008.10.04"]
[Round "5"]
[White "Di Chiara, Mauro"]
[Black "Fassio, Francesco"]
[Result "1/2-1/2"]
[WhiteElo "1896"]
[BlackElo "1702"]
[PlyCount "120"]
[EventDate "2008.10.02"]

1. Nf3 Nf6 2. d4 d5 3. c4 e6 4. Nc3 c6 5. g3 dxc4 6. Bg2 b5 7. Ne5 Nd5 8. e4
Nxc3 9. bxc3 Bd6 10. Nxc6 Nxc6 11. e5 Bb7 12. exd6 Qxd6 13. O-O O-O 14. a4 Qd8
15. axb5 Na5 16. Bxb7 Nxb7 17. Ba3 Re8 18. Bc5 Na5 19. Re1 Qc7 20. Bb4 Nb3 21.
Ra6 Qb7 22. Re5 Red8 23. Qe2 Rac8 24. f4 Nc1 25. Qe4 Rd5 26. Bc5 Ra8 27. Rd6
Qxb5 28. Rexd5 exd5 29. Qxd5 Re8 30. Rd8 Ne2+ 31. Kf2 Nxc3 32. Rxe8+ Qxe8 33.
Qe5 Ne4+ 34. Ke3 Qxe5 35. fxe5 Nxc5 36. dxc5 Kf8 37. Kd4 Ke7 38. c6 c3 39. Kxc3
Kd8 40. Kc4 Kc7 41. Kc5 a5 42. Kb5 a4 43. Kxa4 Kxc6 44. Kb4 Kd5 45. Kc3 Kxe5
46. Kd3 g5 47. h3 f5 48. Ke3 h5 49. Kf3 h4 50. gxh4 gxh4 51. Ke3 f4+ 52. Kf3
Kf5 53. Kf2 Ke4 54. Ke2 f3+ 55. Kf1 Ke3 56. Ke1 Ke4 57. Kf1 Kf5 58. Kg1 Kf4 59.
Kf2 Ke4 60. Kf1 Ke3 1/2-1/2

[Event "IX Festival A"]
[Site "Nichelino ITA"]
[Date "2008.10.04"]
[Round "5"]
[White "Ferrario, Enrico"]
[Black "Paoli, Mario"]
[Result "0-1"]
[WhiteElo "1946"]
[BlackElo "1742"]
[PlyCount "64"]
[EventDate "2008.10.02"]

1. d4 d5 2. Nf3 Nf6 3. e3 e6 4. Bd3 c5 5. c3 Nc6 6. Nbd2 cxd4 7. cxd4 Bd6 8.
O-O e5 9. dxe5 Nxe5 10. Nxe5 Bxe5 11. Nf3 Bd6 12. b3 O-O 13. h3 Ne4 14. Bb2 Be6
15. Rc1 Ng5 16. Nxg5 Qxg5 17. Qf3 f5 18. Kh1 Rad8 19. Bb1 Bb8 20. Rfd1 Rf7 21.
b4 Rfd7 22. a3 d4 23. exd4 Bd5 24. Qxd5+ Rxd5 25. Ba2 Qf4 26. Kg1 Qh2+ 27. Kf1
Qh1+ 28. Ke2 Qxg2 29. Rc5 Bf4 30. Bc1 Qe4+ 31. Kf1 Qh1+ 32. Ke2 Re8+ 0-1

[Event "IX Festival A"]
[Site "Nichelino ITA"]
[Date "2008.10.04"]
[Round "5"]
[White "Guarneri, Giuseppe"]
[Black "Formento, Paolo"]
[Result "0-1"]
[WhiteElo "1907"]
[BlackElo "1794"]
[PlyCount "72"]
[EventDate "2008.10.02"]

1. e4 c5 2. Nc3 Nc6 3. g3 d6 4. Bg2 Nf6 5. d3 e6 6. Be3 Be7 7. h3 O-O 8. Nge2
d5 9. Bg5 d4 10. Nb1 e5 11. g4 Be6 12. Ng3 Ne8 13. Bd2 c4 14. O-O Qb6 15. b3
cxd3 16. cxd3 Qb5 17. Nf5 Qxd3 18. Nxe7+ Nxe7 19. Bb4 Qxd1 20. Rxd1 Nc6 21.
Bxf8 Kxf8 22. Na3 Nb4 23. Bf1 Nxa2 24. Bc4 Nc3 25. Re1 Nd6 26. f3 Bxc4 27. Nxc4
Nxc4 28. bxc4 a5 29. Kf2 a4 30. Ra3 Rc8 31. f4 Rxc4 32. fxe5 b5 33. Rf1 Ke7 34.
Kf3 b4 35. Raa1 b3 36. Rf2 Rb4 0-1

[Event "IX Festival A"]
[Site "Nichelino ITA"]
[Date "2008.10.04"]
[Round "5"]
[White "Marguati, Massimiano"]
[Black "Angioni, Gian Carlo"]
[Result "1-0"]
[WhiteElo "2004"]
[BlackElo "1853"]
[PlyCount "159"]
[EventDate "2008.10.02"]

1. d4 d5 2. c4 c6 3. Nf3 Nf6 4. Nc3 e6 5. Bg5 Nbd7 6. e3 Be7 7. Qc2 h6 8. Bh4
Nh5 9. Bxe7 Qxe7 10. g4 Nhf6 11. g5 hxg5 12. Nxg5 Ng4 13. h4 Ndf6 14. O-O-O Bd7
15. e4 Nxe4 16. Ngxe4 dxe4 17. Nxe4 b6 18. Bg2 Rc8 19. Qe2 Nh6 20. Bh3 Kf8 21.
Ng5 Ng8 22. Bg2 Nf6 23. f4 Nh5 24. Qf2 Qf6 25. Rhf1 Rh6 26. Be4 Kg8 27. Bc2 b5
28. c5 Qd8 29. Rg1 Nf6 30. Qg2 Qf8 31. Nf3 Nd5 32. Qg5 Kh8 33. Qe5 f6 34. Qe4
f5 35. Qe5 Qf6 36. Rd2 Be8 37. Rf2 Bh5 38. Ng5 Rd8 39. Bd1 Bxd1 40. Qxf6 Rxf6
41. Rxd1 Kg8 42. Re1 Re8 43. Kd2 Re7 44. Ke2 a5 45. Kf3 a4 46. a3 Nc7 47. Rfe2
Kh8 48. Re5 Kg8 49. Kg3 Kh8 50. R5e2 Kg8 51. Nf3 Rg6+ 52. Ng5 Kf8 53. Re5 Rf6
54. h5 Kg8 55. R5e2 Kh8 56. Nf3 Rd7 57. Rd2 Nd5 58. Ne5 Rc7 59. Rh2 Kg8 60. Ng6
Rd7 61. Rhe2 Nc7 62. Rd2 Nd5 63. Rg1 Ne3 64. Ne5 Rc7 65. Kf3 Nd5 66. Rdg2 Kh8
67. Rg6 Kh7 68. h6 Rxg6 69. Rxg6 Nf6 70. Rxg7+ Rxg7 71. hxg7 Kxg7 72. Nxc6 Nd5
73. Na7 b4 74. axb4 Nxb4 75. c6 Na6 76. Nb5 Kf7 77. c7 Nxc7 78. Nxc7 Ke7 79.
Nb5 Kd7 80. Nc3 1-0

[Event "IX Festival A"]
[Site "Nichelino ITA"]
[Date "2008.10.04"]
[Round "5"]
[White "Matta, Francesca"]
[Black "Fassio, Luca"]
[Result "0-1"]
[WhiteElo "1931"]
[BlackElo "2081"]
[PlyCount "114"]
[EventDate "2008.10.02"]

1. d4 g6 2. e4 Bg7 3. Be3 d6 4. Qd2 Nd7 5. Nc3 c6 6. Bd3 b5 7. Nf3 Bb7 8. O-O
a6 9. a4 Ngf6 10. b4 O-O 11. h3 e5 12. dxe5 dxe5 13. Rfd1 Re8 14. Be2 Bf8 15.
axb5 axb5 16. Rab1 Rc8 17. Bg5 Qc7 18. Nxb5 cxb5 19. Bxb5 Bc6 20. Bd3 Be7 21.
c4 Bxe4 22. Bxe4 Nxe4 23. Qxd7 Nxg5 24. Nxg5 Bxg5 25. c5 Qxd7 26. Rxd7 Red8 27.
Ra7 e4 28. Ra3 Rd4 29. Ra2 Rc4 30. Kf1 Rb8 31. Rab2 Kf8 32. Ke2 f5 33. f3 Ke7
34. g4 exf3+ 35. Kxf3 Rc3+ 36. Kg2 fxg4 37. hxg4 Bf4 38. Re1+ Kf6 39. Rf1 Kg5
40. Rfb1 Kxg4 41. Kf2 h5 42. Rb3 Rc2+ 43. Kg1 h4 44. R3b2 Rc4 45. Rg2+ Bg3 46.
Rgb2 h3 47. Kh1 g5 48. Kg1 Re8 49. c6 Rxc6 50. b5 Rce6 51. Rb4+ Bf4 52. b6 Re1+
53. Rxe1 Rxe1+ 54. Kf2 Re8 55. b7 h2 56. Kg2 Kh4 57. Rb3 Re2+ 0-1

[Event "IX Festival A"]
[Site "Nichelino ITA"]
[Date "2008.10.04"]
[Round "5"]
[White "Melone, Antonio"]
[Black "Giacchino, Claudio"]
[Result "1-0"]
[WhiteElo "1848"]
[BlackElo "1582"]
[PlyCount "55"]
[EventDate "2008.10.02"]

1. d4 d5 2. c4 Nf6 3. Nc3 Bf5 4. Qb3 dxc4 5. Qxb7 Nbd7 6. Nb5 Rc8 7. Nxa7 Rb8
8. Qc6 Be6 9. Nb5 Rc8 10. e4 g6 11. Bf4 Bg7 12. Nxc7+ Rxc7 13. Bxc7 Qc8 14. d5
Bxd5 15. exd5 Nxd5 16. Qxd5 Qxc7 17. O-O-O Nb6 18. Qb5+ Kf8 19. Kb1 Bf6 20. g4
c3 21. Rc1 Kg7 22. g5 Be5 23. Nf3 Rd8 24. Qxe5+ Qxe5 25. Nxe5 cxb2 26. Kxb2
Rd2+ 27. Rc2 Rd1 28. Bg2 1-0

[Event "IX Festival A"]
[Site "Nichelino ITA"]
[Date "2008.10.04"]
[Round "5"]
[White "Nardelli, Marco"]
[Black "Cacinschi, Alexandru"]
[Result "1-0"]
[WhiteElo "2132"]
[BlackElo "1939"]
[PlyCount "48"]
[EventDate "2008.10.02"]

1. d4 Nf6 2. c4 e6 3. Nc3 d5 4. cxd5 exd5 5. Bg5 c6 6. e3 Bf5 7. Nge2 Nbd7 8.
Ng3 Bg6 9. Bd3 Qb6 10. O-O Bxd3 11. Qxd3 Be7 12. Nf5 Bf8 13. e4 h6 14. Bh4 g6
15. exd5 gxf5 16. Rfe1+ Kd8 17. Qxf5 Bg7 18. Ne4 cxd5 19. Qxd5 Re8 20. Nd6
Rxe1+ 21. Rxe1 Kc7 22. Rc1+ Kd8 23. Nxf7+ Ke8 24. Nd6+ Kd8 1-0

[Event "IX Festival A"]
[Site "Nichelino ITA"]
[Date "2008.10.04"]
[Round "5"]
[White "Parodi, Alessandro"]
[Black "Martin, Tiziano"]
[Result "1/2-1/2"]
[WhiteElo "2074"]
[BlackElo "1973"]
[PlyCount "100"]
[EventDate "2008.10.02"]

1. d4 d5 2. c4 e6 3. Nc3 c6 4. cxd5 exd5 5. Nf3 Bf5 6. Bg5 Be7 7. Bxe7 Nxe7 8.
e3 Qb6 9. Qd2 Nd7 10. Nh4 O-O 11. Nxf5 Nxf5 12. Bd3 Nd6 13. O-O Rae8 14. Rfc1
f5 15. Na4 Qd8 16. b4 b5 17. Rxc6 Nc4 18. Bxc4 dxc4 19. Nc5 Nb6 20. a4 bxa4 21.
Nxa4 f4 22. Nxb6 fxe3 23. fxe3 axb6 24. Rxc4 Qd5 25. Rc7 Qe4 26. Raa7 Qb1+ 27.
Rc1 Qe4 28. h3 Qxe3+ 29. Qxe3 Rxe3 30. Rcc7 Rg3 31. d5 h6 32. d6 Rd8 33. d7 Rd3
34. Rc6 R3xd7 35. Rxd7 Rxd7 36. Rxb6 Rd1+ 37. Kf2 Kf7 38. g4 Rd3 39. h4 Rb3 40.
b5 Rh3 41. h5 Rb3 42. Rb7+ Kf6 43. Rb6+ Kf7 44. Rb7+ Kf6 45. b6 g6 46. Rh7 Rxb6
47. Rxh6 Kg5 48. Rxg6+ Rxg6 49. hxg6 Kxg6 50. Kf3 Kg5 1/2-1/2

[Event "IX Festival A"]
[Site "Nichelino ITA"]
[Date "2008.10.04"]
[Round "5"]
[White "Pettarini, Renato"]
[Black "Medaglia, Enzo"]
[Result "1-0"]
[WhiteElo "1761"]
[BlackElo "1794"]
[PlyCount "55"]
[EventDate "2008.10.02"]

1. c4 f5 2. Nf3 Nf6 3. Nc3 e6 4. g3 Be7 5. Bg2 O-O 6. O-O c6 7. d3 d6 8. Ne1
Nbd7 9. f4 Ng4 10. e4 Qb6+ 11. d4 Bf6 12. Nc2 e5 13. h3 Nh6 14. fxe5 dxe5 15.
Be3 exd4 16. Bxd4 Bxd4+ 17. Nxd4 Ne5 18. Na4 Qc7 19. Qe2 Bd7 20. Nc5 Rae8 21.
Qc2 fxe4 22. Rxf8+ Kxf8 23. Rf1+ Nhf7 24. Nxe4 Ng6 25. Ng5 Ngh8 26. Qxh7 Ke7
27. Qxg7 Rf8 28. Re1+ 1-0

[Event "IX Festival A"]
[Site "Nichelino ITA"]
[Date "2008.10.04"]
[Round "5"]
[White "Sattanino, Andrea"]
[Black "Gussone, Claudio"]
[Result "1/2-1/2"]
[WhiteElo "1853"]
[BlackElo "1829"]
[PlyCount "131"]
[EventDate "2008.10.02"]

1. d4 d6 2. c4 Nf6 3. Nc3 g6 4. e4 Bg7 5. f3 O-O 6. Be3 e5 7. d5 Nh5 8. Nge2 f5
9. exf5 gxf5 10. Qd2 f4 11. Bf2 Nd7 12. Ne4 Nhf6 13. N2c3 Nxe4 14. Nxe4 Nf6 15.
Bd3 Qe8 16. O-O-O Nxe4 17. Bxe4 Bf5 18. Rde1 Bxe4 19. Rxe4 a5 20. g3 Qh5 21. g4
Qh3 22. Qd3 Bf6 23. Ree1 Rae8 24. Qe4 Bh4 25. Bxh4 Qxh4 26. Reg1 Qf2 27. Re1
Qc5 28. g5 b5 29. Kb1 Qxc4 30. Qxc4 bxc4 31. Re4 c6 32. Rd1 c5 33. Rxc4 Kf7 34.
Kc2 Kg6 35. Rg1 Kf5 36. Kd3 Rg8 37. h4 h6 38. Ra4 Ra8 39. a3 Rab8 40. Kc3 Rb5
41. Re4 hxg5 42. Rxg5+ Rxg5 43. hxg5 Kxg5 44. Re2 Kh4 45. Rg2 a4 46. Rg6 Rb3+
47. Kc2 Rxf3 48. Rxd6 Rf2+ 49. Kc3 Re2 50. Rf6 Kg5 51. Rf8 Re4 52. Re8 Kf6 53.
Re6+ Kf7 54. b4 cxb4+ 55. axb4 f3 56. Kd3 Rd4+ 57. Ke3 Rxd5 58. Rc6 Rb5 59.
Kxf3 Rxb4 60. Ra6 Rf4+ 61. Ke3 Rh4 62. Kd2 Rb4 63. Kd3 Rb3+ 64. Ke4 Rb5 65.
Rxa4 Ke6 66. Ra6+ 1/2-1/2

[Event "IX Festival A"]
[Site "Nichelino ITA"]
[Date "2008.10.04"]
[Round "5"]
[White "Sorgi, Paolo"]
[Black "Razzano, Lorenzo"]
[Result "0-1"]
[WhiteElo "1942"]
[BlackElo "1899"]
[PlyCount "88"]
[EventDate "2008.10.02"]

1. e4 Nc6 2. d4 e5 3. Nf3 exd4 4. Nxd4 g6 5. Bc4 Bg7 6. c3 Nf6 7. O-O O-O 8.
Re1 d6 9. Bg5 h6 10. Bh4 Ne5 11. Bb3 g5 12. Bg3 Ng6 13. f3 Nh5 14. Bf2 Nhf4 15.
Qd2 Kh8 16. Na3 Ne5 17. Nc4 Nxc4 18. Bxc4 f5 19. exf5 Bxf5 20. Nxf5 Rxf5 21.
Bb3 Rf8 22. Bc2 Qd7 23. Re4 Rae8 24. Rae1 a6 25. Bb1 Rxe4 26. Rxe4 Re8 27. Qc2
Kg8 28. b3 Rxe4 29. fxe4 Qg4 30. Be3 Ne2+ 31. Kf1 Nxc3 32. b4 Nxb1 33. Qxb1 Qe6
34. Qc2 c6 35. Bf2 Be5 36. h3 Kg7 37. a4 Kf7 38. b5 axb5 39. axb5 c5 40. b6 Ke7
41. Qa4 Qd7 42. Qd1 Qb5+ 43. Kg1 Qxb6 44. Qh5 Qb1+ 0-1

[Event "IX Festival A"]
[Site "Nichelino ITA"]
[Date "2008.10.04"]
[Round "5"]
[White "Topczewski, Damian"]
[Black "Moncelli, Giorgio"]
[Result "0-1"]
[WhiteElo "1506"]
[BlackElo "2110"]
[PlyCount "74"]
[EventDate "2008.10.02"]

1. e4 e5 2. Nf3 Nc6 3. d4 exd4 4. Bc4 Nf6 5. e5 d5 6. Bb5 Ne4 7. Nxd4 Bd7 8.
Bxc6 bxc6 9. c3 Bc5 10. O-O O-O 11. f3 Ng5 12. Be3 Qe7 13. Qd2 h6 14. b4 Bb6
15. h4 Nh7 16. f4 Qxh4 17. Na3 Rae8 18. Rae1 f6 19. Bf2 Qg4 20. Nf3 Bf5 21. c4
Bxf2+ 22. Rxf2 Be4 23. exf6 Nxf6 24. Ne5 Qh4 25. cxd5 cxd5 26. Rxe4 dxe4 27.
Nac4 Rd8 28. Qe2 Qg3 29. Ne3 h5 30. Nf5 Qc3 31. Ne7+ Kh7 32. g4 Qg3+ 33. Kf1
Qh3+ 34. Kg1 Qg3+ 35. Rg2 Qxf4 36. g5 Qxe5 37. gxf6 Rxf6 0-1

[Event "IX Festival A"]
[Site "Nichelino ITA"]
[Date "2008.10.04"]
[Round "5"]
[White "Torrione, William"]
[Black "Gallucci, Alessio"]
[Result "1/2-1/2"]
[WhiteElo "1972"]
[BlackElo "2197"]
[PlyCount "52"]
[EventDate "2008.10.02"]

1. d4 Nf6 2. c4 e6 3. g3 d5 4. Bg2 c6 5. Qc2 Bd6 6. Nf3 O-O 7. O-O h6 8. Nbd2
Nbd7 9. e4 dxe4 10. Nxe4 Nxe4 11. Qxe4 Nf6 12. Qc2 Rb8 13. Ne5 c5 14. Be3 Qc7
15. f4 Nd7 16. Nxd7 Bxd7 17. dxc5 Bxc5 18. Bxc5 Qxc5+ 19. Qf2 Qxc4 20. Qxa7 Bc6
21. Bxc6 bxc6 22. b3 Qd5 23. Rac1 Ra8 24. Qf2 Ra5 25. Rc2 Rd8 26. Rfc1 Qh5
1/2-1/2

[Event "IX Festival A"]
[Site "Nichelino ITA"]
[Date "2008.10.04"]
[Round "5"]
[White "Vallejo Pons, Francisco"]
[Black "Giacomasso, Enrico"]
[Result "1-0"]
[WhiteElo "2664"]
[BlackElo "1996"]
[PlyCount "51"]
[EventDate "2008.10.02"]

1. e4 c5 2. Ne2 Nc6 3. d4 cxd4 4. Nxd4 Nf6 5. Nc3 d6 6. Bg5 e6 7. Qd2 a6 8.
O-O-O Qc7 9. f3 Bd7 10. Kb1 Ne5 11. f4 Nc6 12. Bxf6 gxf6 13. Be2 h5 14. Rhf1
Qb6 15. Nb3 Be7 16. h4 Na7 17. e5 d5 18. Ne4 f5 19. Nf6+ Bxf6 20. exf6 Bb5 21.
Rf3 Bxe2 22. Qxe2 Rc8 23. Rxd5 Qg1+ 24. Rd1 Qh2 25. Qd2 Qxh4 26. Qd7+ 1-0

[Event "IX Festival A"]
[Site "Nichelino ITA"]
[Date "2008.10.06"]
[Round "6"]
[White "Angioni, Gian Carlo"]
[Black "Melone, Antonio"]
[Result "1-0"]
[WhiteElo "1853"]
[BlackElo "1848"]
[PlyCount "81"]
[EventDate "2008.10.02"]

1. e4 c6 2. d4 d5 3. Nd2 dxe4 4. Nxe4 Nd7 5. Ng5 Ngf6 6. Bc4 e6 7. Qe2 Nb6 8.
Bd3 c5 9. dxc5 Bxc5 10. N1f3 h6 11. Ne4 Nxe4 12. Bxe4 Qc7 13. O-O Bd7 14. Bd2
Bd6 15. Rfd1 O-O-O 16. c3 g5 17. g3 Rde8 18. Nd4 f5 19. Bg2 a6 20. b4 e5 21.
Nb3 Rhf8 22. Na5 e4 23. c4 Be5 24. Rab1 Kb8 25. c5 Nc8 26. c6 Bxc6 27. Nxc6+
Qxc6 28. b5 axb5 29. Rxb5 Na7 30. Rb3 Bd6 31. Be3 Nc8 32. Rc1 Qd5 33. Qa6 Re7
34. Rb5 Qe6 35. Bf1 Rd8 36. Bc4 Qf6 37. Bd5 Rdd7 38. Qa8+ Kxa8 39. Rxc8+ Bb8
40. Ra5+ Qa6 41. Rxa6# 1-0

[Event "IX Festival A"]
[Site "Nichelino ITA"]
[Date "2008.10.06"]
[Round "6"]
[White "Cacinschi, Alexandru"]
[Black "Crepaldi, Manuele"]
[Result "1/2-1/2"]
[WhiteElo "1939"]
[BlackElo "1817"]
[PlyCount "105"]
[EventDate "2008.10.02"]

1. c4 g6 2. Nf3 Bg7 3. g3 e5 4. Nc3 f5 5. d3 d6 6. Bg2 Nf6 7. O-O c6 8. e4 O-O
9. b4 h6 10. Nd2 f4 11. a4 Na6 12. Ba3 Nc7 13. b5 c5 14. Nd5 Ncxd5 15. exd5 g5
16. Ne4 g4 17. f3 gxf3 18. Bxf3 fxg3 19. hxg3 Bh3 20. Bg2 Bxg2 21. Kxg2 Qd7 22.
Qe2 Nxe4 23. dxe4 Bf6 24. Qh5 Bg5 25. Qg6+ Kh8 26. Bc1 Rxf1 27. Bxg5 Rf7 28.
Bf6+ Rxf6 29. Qxf6+ Qg7 30. Rf1 Rg8 31. Qf3 Qg6 32. Qf6+ Kh7 33. Qf3 Kh8 34.
Qe3 Kg7 35. a5 Rf8 36. Rxf8 Kxf8 37. Qf3+ Kg7 38. Kh3 h5 39. Kh4 Kh6 40. Qe3+
Kh7 41. Qf3 Kh6 42. Qf8+ Kh7 43. Qe7+ Kh8 44. Qg5 Qxe4+ 45. Kxh5 Qh7+ 46. Kg4
Qg7 47. Qxg7+ Kxg7 48. Kf5 Kf7 49. g4 Kg7 50. Kg5 Kg8 51. Kf5 Kg7 52. Kg5 Kf8
53. Kf5 1/2-1/2

[Event "IX Festival A"]
[Site "Nichelino ITA"]
[Date "2008.10.06"]
[Round "6"]
[White "Damia, Angelo"]
[Black "Vallejo Pons, Francisco"]
[Result "0-1"]
[WhiteElo "2221"]
[BlackElo "2664"]
[PlyCount "28"]
[EventDate "2008.10.02"]

1. d4 Nf6 2. Bg5 e6 3. e4 h6 4. Bxf6 Qxf6 5. Nc3 d6 6. Qd2 c6 7. O-O-O e5 8.
Nge2 Qxf2 9. dxe5 Be7 10. Qd4 Qxd4 11. Nxd4 dxe5 12. Nf5 g6 13. Nxe7 Kxe7 14.
Bc4 Nd7 0-1

[Event "IX Festival A"]
[Site "Nichelino ITA"]
[Date "2008.10.06"]
[Round "6"]
[White "Davi, Alessandro"]
[Black "Marguati, Massimiano"]
[Result "1-0"]
[WhiteElo "1999"]
[BlackElo "2004"]
[PlyCount "95"]
[EventDate "2008.10.02"]

1. d4 e6 2. c4 Nf6 3. Nf3 b6 4. a3 Bb7 5. Nc3 d5 6. Bg5 Be7 7. e3 c6 8. Rc1 O-O
9. cxd5 Nxd5 10. Bxe7 Nxe7 11. Bd3 g6 12. O-O Ba6 13. Ne4 Bxd3 14. Qxd3 Nd7 15.
Rfd1 Qb8 16. b4 a6 17. Neg5 Qd6 18. e4 Qf4 19. Nh3 Qh6 20. Ne5 Nxe5 21. dxe5 g5
22. Qg3 Ng6 23. Nxg5 Rfd8 24. f4 Qh5 25. Nf3 Rac8 26. Rd6 c5 27. bxc5 bxc5 28.
Rxa6 Ra8 29. Rxa8 Rxa8 30. Ng5 h6 31. Nh3 Kh7 32. Qd3 Rg8 33. Rc3 Nh4 34. g3
Ng6 35. Kg2 Nh4+ 36. Kh1 c4 37. Qf1 Rd8 38. Nf2 Ng6 39. g4 Qh4 40. Rh3 Qe7 41.
g5 Nxf4 42. Rxh6+ Kg7 43. Rf6 Nd3 44. Ng4 Nb2 45. Qh3 Rd1+ 46. Kg2 Rd2+ 47. Nf2
Rxf2+ 48. Kxf2 1-0

[Event "IX Festival A"]
[Site "Nichelino ITA"]
[Date "2008.10.06"]
[Round "6"]
[White "Fassio, Francesco"]
[Black "Gussone, Claudio"]
[Result "0-1"]
[WhiteElo "1702"]
[BlackElo "1829"]
[PlyCount "98"]
[EventDate "2008.10.02"]

1. c4 d6 2. Nc3 e5 3. g3 f5 4. d3 Nf6 5. Bg2 c6 6. Bg5 Be7 7. e3 O-O 8. Nge2
Qe8 9. Bxf6 Bxf6 10. O-O Nd7 11. Qc2 a5 12. a3 Nc5 13. d4 exd4 14. exd4 Ne4 15.
Nxe4 fxe4 16. Bxe4 Qh5 17. Nf4 Qh6 18. Rad1 Bg5 19. Ne2 Bg4 20. f4 Bf6 21. Rd2
Rae8 22. Nc3 Kh8 23. b4 axb4 24. axb4 Ra8 25. b5 Rfc8 26. bxc6 bxc6 27. Rb1 Be6
28. d5 cxd5 29. Nxd5 Bd8 30. Ne3 Bg8 31. Bxa8 Rxa8 32. Nf5 Qh5 33. Rxd6 Bxc4
34. Qxc4 Qxf5 35. Rbd1 Bf6 36. R6d5 Qg4 37. Qa6 Qxd1+ 38. Rxd1 Rxa6 39. Kg2 Kg8
40. h4 Kf7 41. Kf3 Kg6 42. Kg4 h5+ 43. Kf3 Ra5 44. Rd3 Kf5 45. Re3 Rc5 46. Rd3
Rc3 47. Rxc3 Bxc3 48. Ke3 Kg4 49. Kf2 g6 0-1

[Event "IX Festival A"]
[Site "Nichelino ITA"]
[Date "2008.10.06"]
[Round "6"]
[White "Fassio, Luca"]
[Black "Torrione, William"]
[Result "1-0"]
[WhiteElo "2081"]
[BlackElo "1972"]
[PlyCount "113"]
[EventDate "2008.10.02"]

1. e4 e5 2. Nf3 Nf6 3. Nxe5 d6 4. Nf3 Nxe4 5. d4 d5 6. Bd3 Nc6 7. O-O Be7 8. c4
Nb4 9. Be2 O-O 10. Nc3 Bf5 11. Nxd5 Nxd5 12. cxd5 Qxd5 13. Be3 c6 14. a3 a5 15.
Ne5 Nd6 16. Bf3 Ne4 17. Be2 Nd6 18. Qc1 Be6 19. Rd1 f6 20. Nd3 Qb5 21. a4 Qf5
22. Nf4 Bf7 23. Bd3 Qd7 24. Qc2 f5 25. Be2 Ne4 26. Nd3 Bd5 27. Nc5 Nxc5 28.
dxc5 Qe6 29. Rac1 f4 30. Bd4 Bb3 31. Qxb3 Qxb3 32. Bc4+ Qxc4 33. Rxc4 Rad8 34.
Re1 Rd7 35. Bc3 Bd8 36. f3 g5 37. Kf2 Kf7 38. Re2 Re8 39. Rxe8 Kxe8 40. h4 h6
41. hxg5 hxg5 42. g3 Bc7 43. gxf4 gxf4 44. Ke2 Rf7 45. Kd3 Rd7+ 46. Rd4 Ke7 47.
Rxd7+ Kxd7 48. Ke4 Ke6 49. Bd2 Be5 50. b3 Bc7 51. Bxf4 Bxf4 52. Kxf4 Kd5 53.
Kg5 Kxc5 54. f4 Kd6 55. Kf6 b5 56. f5 bxa4 57. bxa4 1-0

[Event "IX Festival A"]
[Site "Nichelino ITA"]
[Date "2008.10.06"]
[Round "6"]
[White "Ferrario, Enrico"]
[Black "Pettarini, Renato"]
[Result "1-0"]
[WhiteElo "1946"]
[BlackElo "1761"]
[PlyCount "59"]
[EventDate "2008.10.02"]

1. d4 Nf6 2. Nf3 e6 3. e3 b6 4. Bd3 Bb7 5. Nbd2 d5 6. b3 Nbd7 7. Bb2 Rc8 8. O-O
Be7 9. Ne5 Nxe5 10. dxe5 Ne4 11. Nxe4 dxe4 12. Bc4 O-O 13. Qg4 Bc5 14. a3 a6
15. Rad1 Qe8 16. b4 Be7 17. f4 exf3 18. gxf3 c5 19. Bd3 f5 20. exf6 Bxf6 21.
Qh3 h6 22. Bc1 c4 23. Be2 Qg6+ 24. Kf2 Qf7 25. Rd6 b5 26. Rg1 Kh8 27. f4 e5 28.
Rd7 Bh4+ 29. Kf1 Bg2+ 30. Rxg2 1-0

[Event "IX Festival A"]
[Site "Nichelino ITA"]
[Date "2008.10.06"]
[Round "6"]
[White "Finocchiaro, Gianluca"]
[Black "Topczewski, Damian"]
[Result "1-0"]
[WhiteElo "2026"]
[BlackElo "1506"]
[PlyCount "123"]
[EventDate "2008.10.02"]

1. d4 Nf6 2. Bf4 d5 3. e3 e6 4. Nf3 Bd6 5. Bg3 Ne4 6. Bd3 f5 7. Bxd6 cxd6 8. c4
Qa5+ 9. Nbd2 dxc4 10. Bxc4 d5 11. Bd3 Nc6 12. O-O O-O 13. Nb3 Qd8 14. Rc1 Qf6
15. Nc5 Nxc5 16. Rxc5 g5 17. h3 h5 18. Ne5 Nxe5 19. dxe5 Qxe5 20. Qxh5 Qg7 21.
Rfc1 Bd7 22. Rc7 Rac8 23. Bb5 Rxc7 24. Rxc7 Bxb5 25. Rxg7+ Kxg7 26. Qxg5+ Kf7
27. Qf4 Bc4 28. b4 a6 29. a4 Re8 30. b5 axb5 31. axb5 Bxb5 32. Qc7+ Re7 33. Qe5
Be8 34. Qh8 b5 35. h4 e5 36. h5 Ke6 37. h6 Bg6 38. Qg8+ Kf6 39. Qxd5 Kg5 40.
Qd8 Kf6 41. f4 exf4 42. exf4 Ke6 43. Qb6+ Kf7 44. Qxb5 Kg8 45. Qc5 Rf7 46. Kf2
Kh7 47. Kg3 Kxh6 48. Kh4 Bh7 49. Qd6+ Bg6 50. Qe6 Rf8 51. Qe5 Rf7 52. Qd6 Rh7
53. Qf8+ Rg7 54. g4 fxg4 55. f5 Kh7 56. Kxg4 Bf7+ 57. Kf4 Bg8 58. Ke5 Kh8 59.
Kf6 Ra7 60. Kg6 Ra6+ 61. f6 Ra7 62. Qg7+ 1-0

[Event "IX Festival A"]
[Site "Nichelino ITA"]
[Date "2008.10.06"]
[Round "6"]
[White "Formento, Paolo"]
[Black "Sorgi, Paolo"]
[Result "0-1"]
[WhiteElo "1794"]
[BlackElo "1942"]
[PlyCount "120"]
[EventDate "2008.10.02"]

1. d4 Nf6 2. c4 e6 3. Nf3 d5 4. e3 c6 5. Nc3 Nbd7 6. Bd3 dxc4 7. Bxc4 b5 8. Bd3
a6 9. O-O Bb7 10. Re1 c5 11. e4 b4 12. Nb1 cxd4 13. e5 Nd5 14. Nxd4 Nc5 15. Nb3
Nxd3 16. Qxd3 Be7 17. Be3 Nxe3 18. Qxe3 Qd5 19. Qg3 O-O 20. N1d2 a5 21. Nf3
Rfd8 22. Nbd4 Rac8 23. h3 h5 24. h4 Ba8 25. Red1 Qe4 26. Re1 Qg4 27. Red1 Bc5
28. Ne2 Bb6 29. Rac1 Bb7 30. Rxc8 Rxc8 31. Qxg4 hxg4 32. Ne1 Rd8 33. Rc1 Rd2
34. Rc2 Rd1 35. Rc1 Rxc1 36. Nxc1 g3 37. Ned3 gxf2+ 38. Nxf2 Bd4 39. Ncd3 Ba6
40. Kh2 a4 41. Nxb4 Bc4 42. Nfd3 Kh7 43. Kg3 Kg6 44. Kf4 f5 45. Nc6 Bb6 46.
Ndb4 Kh5 47. g3 Bf2 48. Na5 Be2 49. b3 Bd1 50. bxa4 Be1 51. Ke3 Bxb4 52. Nc6
Bc5+ 53. Kf4 Bxa4 54. Nd8 Bd7 55. a4 Bb6 56. Nb7 Bxa4 57. Nd6 Bc6 58. Nc4 Bd4
59. Nd6 Bb2 60. Ke3 Bxe5 0-1

[Event "IX Festival A"]
[Site "Nichelino ITA"]
[Date "2008.10.06"]
[Round "6"]
[White "Gallucci, Alessio"]
[Black "Parodi, Alessandro"]
[Result "1-0"]
[WhiteElo "2197"]
[BlackElo "2074"]
[PlyCount "105"]
[EventDate "2008.10.02"]

1. e4 d5 2. exd5 Qxd5 3. Nc3 Qa5 4. d4 Nf6 5. Nf3 Ne4 6. Bd3 Nxc3 7. bxc3 g6 8.
O-O Bg7 9. Re1 O-O 10. Bd2 c5 11. Qc1 Qd8 12. Bh6 Nc6 13. Bxg7 Kxg7 14. Qg5 Qa5
15. d5 Nd8 16. Qe5+ Kg8 17. c4 e6 18. Rab1 f6 19. Qg3 Rf7 20. h4 Qc7 21. d6 Qd7
22. h5 e5 23. hxg6 Rg7 24. Nh4 hxg6 25. Nxg6 Qg4 26. Re3 Qxg3 27. Rxg3 Be6 28.
Ne7+ Kf8 29. Rxg7 Kxg7 30. Nf5+ Kf7 31. g4 Rb8 32. Kg2 Bxf5 33. Bxf5 Ne6 34.
Rh1 Rd8 35. d7 Ng7 36. Kf3 Nxf5 37. gxf5 Rxd7 38. Rh7+ Ke8 39. Rh8+ Ke7 40.
Rh7+ Ke8 41. Rxd7 Kxd7 42. Kg4 Kd6 43. f3 e4 44. fxe4 Ke5 45. Kf3 Kd4 46. c3+
Kxc4 47. e5 Kd5 48. e6 Kd6 49. a4 a6 50. a5 Kc6 51. Ke4 Kd6 52. Kd3 b5 53. axb6
1-0

[Event "IX Festival A"]
[Site "Nichelino ITA"]
[Date "2008.10.06"]
[Round "6"]
[White "Marguerettaz, Davy"]
[Black "Bitossi, Massimo"]
[Result "1-0"]
[WhiteElo "2020"]
[BlackElo "1951"]
[PlyCount "97"]
[EventDate "2008.10.02"]

1. d4 Nf6 2. c4 g6 3. Nc3 Bg7 4. e4 d6 5. f3 O-O 6. Bg5 Qe8 7. Qd2 e5 8. Nge2
a5 9. O-O-O Na6 10. g4 exd4 11. Nxd4 Nd7 12. h4 f6 13. Bh6 Ne5 14. Be2 Bd7 15.
h5 g5 16. Bxg7 Kxg7 17. f4 Nf7 18. h6+ Kh8 19. Nd5 Qd8 20. Nf3 Nb4 21. fxg5
Nxd5 22. Qxd5 Ne5 23. Nxe5 fxe5 24. Qd2 Rf4 25. Rdf1 Qxg5 26. Rxf4 Qxf4 27. Rf1
Qxd2+ 28. Kxd2 Kg8 29. c5 Be6 30. cxd6 Rd8 31. b3 Rxd6+ 32. Ke3 Rd7 33. Rf6 Rd6
34. Rxe6 Rxe6 35. Bc4 Kf7 36. g5 Kg6 37. Bxe6 Kxg5 38. Bc8 b6 39. Bf5 Kxh6 40.
Kd3 Kg7 41. Kc4 h5 42. Kd5 Kf6 43. Kc6 Kg5 44. Kxc7 b5 45. Kc6 a4 46. Kxb5 axb3
47. axb3 h4 48. Kc4 Kf4 49. Kd5 1-0

[Event "IX Festival A"]
[Site "Nichelino ITA"]
[Date "2008.10.06"]
[Round "6"]
[White "Martin, Tiziano"]
[Black "Fortino, Fabrizio"]
[Result "1-0"]
[WhiteElo "1973"]
[BlackElo "2051"]
[PlyCount "44"]
[EventDate "2008.10.02"]

1. Nf3 b5 2. e3 a6 3. b3 Nf6 4. Bb2 Bb7 5. Be2 e6 6. O-O Be7 7. c4 c6 8. d4 d6
9. Nbd2 Nbd7 10. Qc2 O-O 11. e4 Rc8 12. e5 Ne8 13. Bd3 g6 14. Rad1 f5 15. exf6
Bxf6 16. Rfe1 Ng7 17. Ne4 Be7 18. Qe2 Rf7 19. Bc1 Nf8 20. Neg5 Bxg5 21. Nxg5
Re7 22. Ne4 Qd7 1-0